Statistiken für Inseln Ozeaniens - mit Karte

Klicken Sie hier um das Quiz zu spielen!

Allgemein

  • Dieses Quiz wurde 87 mal gespielt
  • Das Durchschnittsergebnis liegt bei 4 aus 16

Antworten auf der Karte

Die Antworten werden auf der Karte rot bzw. grün angezeigt, abhängig davon wie oft sie richtig erraten wurden.
 

Antwortstatistiken

LandInsel% Korrekt
AustralienTTasmanien
86%
Papua-NeuguineaNNeuguinea
73%
NauruNNauru
66%
NeuseelandSSüdinsel
63%
Französisch-PolynesienTTahiti
51%
Neukaledonien (Frankreich)GGrande Terre
24%
TuvaluFFunafuti
19%
FidschiVViti Levu
13%
SalomonenGGuadalcanal
9%
VanuatuEEspiritu Santo
8%
KiribatiKKiritimati
8%
MikronesienPPohnpei
8%
TongaTTongatapu
6%
SamoaSSavaiʻi
5%
PalauBBabeldaob
4%
MarshallinselnKKwajalein
4%

Verteilung der Resultate

Perzentil nach korrekt beantworteten Fragen

Anzahl Personen mit jedem Resultat

Ihre Resultats-Entwicklung

Sie haben dieses Quiz noch nicht gespielt